| 000 | 00497nam a2200193Ia 4500 | ||
|---|---|---|---|
| 005 | 20250203000802.0 | ||
| 008 | 240331s9999 xx 000 0 und d | ||
| 020 | _a074561048X | ||
| 082 |
_bHEK _2974 _a305.4 |
||
| 100 | _aHekman, S. J | ||
| 245 | 0 |
_aGender and Knowledge: _bElements of a Postmodern Feminism |
|
| 260 |
_aCambridge _bPolity Press _c1992 |
||
| 300 | _aviii, 212 p., | ||
| 650 | _aFeminism | ||
| 650 | _aModernism | ||
| 650 | _aCulture | ||
| 650 | _aPostmodernism | ||
| 942 | _cL | ||
| 999 |
_c1652 _d1652 |
||